| 000 | 01104cam a22003613a 4500 | ||
|---|---|---|---|
| 001 | 12730489 | ||
| 003 | OSt | ||
| 005 | 20140310184305.0 | ||
| 008 | 020226s2000 nyua j 000 1 eng d | ||
| 010 | _a 2002567913 | ||
| 020 | _a0439217261 (pbk.) | ||
| 035 | _a(OCoLC)ocm49196189 | ||
| 040 |
_aIMF _cIMF _dDLC |
||
| 042 | _alccopycat | ||
| 050 | 0 | 0 |
_aPZ 7 _b.W721 2000 |
| 100 | 1 |
_aWilliams, Laura E. _923111 |
|
| 245 | 1 | 4 |
_aThe mystery of the dark lighthouse / _cLaura E. Williams. |
| 260 |
_aNew York : _bScholastic, _c2000. |
||
| 300 |
_a117 p. : _bill. ; _c20 cm. |
||
| 490 | 0 | _aMystic lighthouse mysteries | |
| 521 | 1 | _aG4 | |
| 526 | _c640 | ||
| 650 | 0 |
_aDetective and mystery stories. _94339 |
|
| 650 | 0 |
_aLighthouses _vFiction. _923112 |
|
| 655 | 7 |
_aMystery fiction. _2gsafd _94089 |
|
| 655 | 7 |
_aChildren's stories. _2lcsh _93012 |
|
| 710 | 2 |
_aCopyright Paperback Collection (Library of Congress) _5DLC _9705 |
|
| 906 |
_a7 _bcbc _ccopycat _d2 _encip _f20 _gy-genrareb |
||
| 942 |
_2lcc _cBK-SCHOLAS |
||
| 999 |
_c33483 _d33483 |
||